|
|
|
|
| LEADER |
00000nam0a2200000 4500 |
| 001 |
301997 |
| 005 |
20231101005111.0 |
| 010 |
|
|
|a 9785991656078
|
| 035 |
|
|
|a (RuTPU)RU\TPU\book\327192
|
| 090 |
|
|
|a 301997
|
| 100 |
|
|
|a 20150818d2016 m y0rusy50 ca
|
| 101 |
0 |
|
|a rus
|
| 102 |
|
|
|a RU
|
| 105 |
|
|
|a a j 001zy
|
| 200 |
1 |
|
|a Информатика для гуманитариев
|e учебник и практикум для академического бакалавриата
|f Московский государственный университет им. М. В. Ломоносова (МГУ) ; под ред. Г. Е. Кедровой
|
| 210 |
|
|
|a Москва
|c Юрайт
|d 2016
|
| 215 |
|
|
|a 439 с.
|c ил.
|
| 225 |
1 |
|
|a Бакалавр. Академический курс
|
| 320 |
|
|
|a Библиография в конце глав.
|
| 330 |
|
|
|a Учебник «Информатика для гуманитариев» предназначен для студентов, изучающих дисциплину «Информатика» по программам академического бакалавриата в области гуманитарных наук. В учебнике системно и компактно изложены все основные теоретические и практические вопросы использования компьютерных информационных технологий в гуманитарном знании, составляющие профессиональную подготовку современного специалиста-гуманитария. Теоретический материал проиллюстрирован наглядными примерами, позволяющими приобрести навыки работы с типовыми программными средствами; после каждой главы приведены контрольные вопросы и задания, которые дают возможность проверить качество усвоения материала, а также списки обязательной и рекомендуемой литературы для самоподготовки и более глубокого изучения отдельных вопросов по желанию учащегося. Освоение материала учебника позволит студенту-бакалавру получить представление об информатике как основе современного информационного общества, овладеть базовыми компетенциями в области информационно-коммуникацибнных технологий и научиться эффективно применять методы и приемы использования информационно-компьютерных технологий в исследовательской и практической деятельности в сфере профессиональной устной и письменной коммуникации.Содержание учебника соответствует актуальным требованиям Федерального государственного образовательного стандарта высшего образования.Для студентов высших учебных заведений, обучающихся по гуманитарным направлениям и специальностям.
|
| 606 |
1 |
|
|a Информатика
|2 stltpush
|3 (RuTPU)RU\TPU\subj\36202
|
| 610 |
1 |
|
|a теоретические вопросы
|
| 610 |
1 |
|
|a информатизация
|
| 610 |
1 |
|
|a информационное общество
|
| 610 |
1 |
|
|a построение
|
| 610 |
1 |
|
|a информация
|
| 610 |
1 |
|
|a автоматизированная обработка
|
| 610 |
1 |
|
|a вычислительные технологии
|
| 610 |
1 |
|
|a компьютерные сети
|
| 610 |
1 |
|
|a Интернет
|
| 610 |
1 |
|
|a Всемирная паутина
|
| 610 |
1 |
|
|a информационные ресурсы
|
| 610 |
1 |
|
|a сервисы
|
| 610 |
1 |
|
|a веб-браузеры
|
| 610 |
1 |
|
|a поисковые системы
|
| 610 |
1 |
|
|a электронная почта
|
| 610 |
1 |
|
|a компьютерная графика
|
| 610 |
1 |
|
|a изображения
|
| 610 |
1 |
|
|a редактирование
|
| 610 |
1 |
|
|a программные средства
|
| 610 |
1 |
|
|a прикладные программы
|
| 610 |
1 |
|
|a текстовые процессоры
|
| 610 |
1 |
|
|a Word
|
| 610 |
1 |
|
|a электронные таблицы
|
| 610 |
1 |
|
|a Excel
|
| 610 |
1 |
|
|a СУБД
|
| 610 |
1 |
|
|a система управления базами данных
|
| 610 |
1 |
|
|a базы данных
|
| 610 |
1 |
|
|a Access
|
| 610 |
1 |
|
|a компьютерные презентации
|
| 610 |
1 |
|
|a PowerPoint
|
| 610 |
1 |
|
|a графические редакторы
|
| 610 |
1 |
|
|a Paint
|
| 610 |
1 |
|
|a контрольные вопросы
|
| 610 |
1 |
|
|a задания
|
| 610 |
1 |
|
|a учебники
|
| 675 |
|
|
|a 004(075.8)
|v 4
|
| 702 |
|
1 |
|a Кедрова
|b Г. Е.
|g Галина Евгеньевна
|4 340
|
| 712 |
0 |
2 |
|a Московский государственный университет им. М. В. Ломоносова (МГУ)
|2 stltpush
|3 (RuTPU)RU\TPU\col\7
|
| 801 |
|
1 |
|a RU
|b 63413507
|c 20150818
|
| 801 |
|
2 |
|a RU
|b 63413507
|c 20151002
|g RCR
|
| 900 |
|
|
|a Информатика
|
| 942 |
|
|
|c BK
|
| 951 |
|
|
|l 8.1
|
| 959 |
|
|
|a 80/20150602
|d 3
|e 779,00
|f ЧЗТЛ:1
|f УФ:2
|